[Event "Hoogeveen Essent op"]
[Site "Hoogeveen"]
[Date "2001.10.12"]
[Round "1"]
[White "Naes, Flovin Tor"]
[Black "Berelowitsch, Alexander"]
[Result "0-1"]
[WhiteElo "2223"]
[BlackElo "2512"]
[PlyCount "84"]
[EventDate "2001.10.12"]
[EventType "swiss"]
[EventRounds "9"]
[EventCountry "NED"]
[SourceDate "2001.10.26"]

1. Nf3 e6 2. c4 d5 3. g3 c5 4. cxd5 exd5 5. d4 Nc6 6. Nc3 Nf6 7. Bg2 Be7 8. O-O
O-O 9. Bg5 cxd4 10. Nxd4 h6 11. Be3 Bg4 12. Qa4 Na5 13. Rfd1 Nc4 14. Bc1 Nb6
15. Qb3 a5 16. h3 Bd7 17. Kh2 a4 18. Qc2 Re8 19. Nf5 Bf8 20. Nxd5 Nfxd5 21.
Bxd5 Qf6 22. e4 Nxd5 23. Rxd5 Bc6 24. e5 Qg6 25. Rd4 Rxe5 26. g4 Re1 27. Bxh6
Rxa1 28. Bxg7 Rh1+ 29. Kg3 Rg1+ 30. Kf4 Kh7 31. Bxf8 Rxf8 32. Qc5 Rg8 33. Qe7
Re8 34. Qh4+ Kg8 35. Rd8 Rge1 36. Ne7+ R1xe7 37. Qxe7 Rxd8 38. Qxd8+ Kg7 39. g5
Qe4+ 40. Kg3 Qf3+ 41. Kh4 Qf4+ 42. Kh5 Bf3# 0-1

[Event "Hoogeveen Essent op"]
[Site "Hoogeveen"]
[Date "2001.10.15"]
[Round "4"]
[White "Span, Paul"]
[Black "Wuts, Frank"]
[Result "1-0"]
[WhiteElo "2223"]
[BlackElo "2297"]
[PlyCount "127"]
[EventDate "2001.10.12"]
[EventType "swiss"]
[EventRounds "9"]
[EventCountry "NED"]
[SourceDate "2001.10.26"]

1. c4 e6 2. Nc3 d5 3. cxd5 exd5 4. d4 Nf6 5. Bg5 c6 6. e3 Nbd7 7. Bd3 Bb4 8.
Nge2 h6 9. Bh4 O-O 10. Qc2 Qa5 11. O-O Re8 12. a3 Bd6 13. b4 Qc7 14. Bg3 Ng4
15. Nb5 cxb5 16. Qxc7 Bxc7 17. Bxc7 a6 18. Nc3 Ngf6 19. a4 bxa4 20. b5 Re6 21.
Rxa4 Nb6 22. Raa1 g6 23. Na4 Nxa4 24. Rxa4 Ne8 25. Bf4 Kg7 26. bxa6 bxa6 27.
Ra5 Bb7 28. Rb1 Re7 29. Rb6 Bc8 30. Rxd5 a5 31. Rb8 Rxb8 32. Bxb8 a4 33. h3 Rb7
34. Rb5 Re7 35. Ra5 Rb7 36. Be5+ f6 37. Bg3 Bd7 38. Bc2 Kf8 39. Ra8 Bc6 40. Ra6
Bb5 41. Ra8 Bc6 42. Bxg6 Rb3 43. Ra7 a3 44. Bxe8 Kxe8 45. Bd6 Rb1+ 46. Kh2 Rb2
47. Bxa3 Rxf2 48. Re7+ Kd8 49. Rg7 f5 50. Bd6 Be4 51. h4 h5 52. Bf4 Kc8 53. Kg1
Rd2 54. Kf1 Kd8 55. Rg5 Ke7 56. Rxh5 Bxg2+ 57. Ke1 Rd1+ 58. Kxd1 Bf3+ 59. Kd2
Bxh5 60. Kd3 Bf7 61. e4 Kf6 62. d5 Kg6 63. Kd4 Kh5 64. e5 1-0

[Event "Hoogeveen Essent op"]
[Site "Hoogeveen"]
[Date "2001.10.16"]
[Round "5"]
[White "Afek, Yochanan"]
[Black "Span, Paul"]
[Result "1-0"]
[WhiteElo "2369"]
[BlackElo "2223"]
[PlyCount "117"]
[EventDate "2001.10.12"]
[EventType "swiss"]
[EventRounds "9"]
[EventCountry "NED"]
[SourceDate "2001.10.26"]

1. e4 c5 2. Nf3 Nc6 3. c3 d5 4. exd5 Qxd5 5. d4 Bg4 6. Be2 e6 7. h3 Bh5 8. c4
Qd6 9. d5 Bxf3 10. Bxf3 exd5 11. cxd5 Nd4 12. Nc3 Nf6 13. Be3 Nxf3+ 14. Qxf3
Qd7 15. O-O Bd6 16. Bg5 O-O-O 17. Bxf6 gxf6 18. Qxf6 Rhg8 19. Qh4 Rg6 20. f4
Be7 21. Qh5 Bf6 22. Rac1 Bd4+ 23. Kh1 f5 24. Rf3 Kb8 25. Rc2 Re8 26. Kh2 Re1
27. Ne2 Qg7 28. Nxd4 Qxd4 29. Rff2 Qd3 30. Qh4 Rg8 31. Rcd2 Qb1 32. g4 Rh1+ 33.
Kg3 Rg1+ 34. Rg2 Qe1+ 35. Rdf2 Qe3+ 36. Kh2 Rxg2+ 37. Kxg2 Qe4+ 38. Kh2 Qxd5
39. g5 Qd4 40. Re2 Rd8 41. Qf2 Qd3 42. Re7 Qd1 43. Re2 a6 44. Kg3 Qc1 45. Qe3
Qd1 46. Re1 Qc2 47. Rc1 Qxb2 48. Qe5+ Qxe5 49. fxe5 Rd4 50. Rxc5 Re4 51. h4 b6
52. Rc6 Rxe5 53. Rxb6+ Ka7 54. Rh6 Re7 55. Kf4 Rf7 56. h5 a5 57. g6 hxg6 58.
hxg6 Rf8 59. g7 1-0

[Event "Hoogeveen Essent op"]
[Site "Hoogeveen"]
[Date "2001.10.17"]
[Round "6"]
[White "Epishin, Vladimir"]
[Black "Van der Wiel, John"]
[Result "1-0"]
[WhiteElo "2583"]
[BlackElo "2495"]
[PlyCount "85"]
[EventDate "2001.10.12"]
[EventType "swiss"]
[EventRounds "9"]
[EventCountry "NED"]
[SourceDate "2001.10.26"]

1. d4 Nf6 2. c4 e6 3. Nc3 Bb4 4. e3 c5 5. Nge2 cxd4 6. exd4 O-O 7. a3 Be7 8.
Nf4 d6 9. Be2 e5 10. Nfd5 Nxd5 11. Nxd5 Bg5 12. f4 exf4 13. O-O Nc6 14. b4 Ne7
15. Nxf4 Nf5 16. Bd3 Nxd4 17. Bb2 Nc6 18. Qh5 Bh6 19. Rf3 Qg5 20. Bxg7 Kxg7 21.
Rg3 f6 22. Rxg5+ fxg5 23. Nd5 Ne5 24. Qe2 Bg4 25. Qd2 Kh8 26. Rf1 Bg7 27. Ne3
Be6 28. Rxf8+ Rxf8 29. Be2 Rd8 30. h3 Nc6 31. Bf3 Ne5 32. Bxb7 Nxc4 33. Nxc4
Bxc4 34. Bd5 Ba6 35. a4 h6 36. b5 Bc8 37. a5 Rf8 38. b6 axb6 39. axb6 Ba6 40.
Bf3 Be5 41. b7 Rb8 42. Qb4 Kg7 43. Qb6 1-0

[Event "Hoogeveen Essent op"]
[Site "Hoogeveen"]
[Date "2001.10.19"]
[Round "8"]
[White "Archangelsky, Mikhail"]
[Black "Span, Paul"]
[Result "1/2-1/2"]
[WhiteElo "2395"]
[BlackElo "2223"]
[PlyCount "109"]
[EventDate "2001.10.12"]
[EventType "swiss"]
[EventRounds "9"]
[EventCountry "NED"]
[SourceDate "2001.10.26"]

1. e4 e6 2. d3 d5 3. Qe2 dxe4 4. dxe4 e5 5. Nf3 Nc6 6. c3 a5 7. Qc2 Bd6 8. Bb5
Nge7 9. Be3 O-O 10. Nbd2 Bd7 11. a4 Ng6 12. Nc4 Qe7 13. Nxd6 Qxd6 14. O-O Qe7
15. h3 Nd8 16. Rfd1 Bxb5 17. axb5 Ne6 18. Rd5 Nef4 19. Bc5 Qf6 20. Bxf8 Nxd5
21. Bxg7 Qxg7 22. exd5 Nf4 23. Nh4 Nxh3+ 24. Kf1 Qg4 25. Nf5 Qc4+ 26. Qe2 Qxe2+
27. Kxe2 Nf4+ 28. Kf3 Nxd5 29. Ke4 Nf6+ 30. Kxe5 Ng4+ 31. Kd5 Nxf2 32. Kc4 Ne4
33. Re1 Re8 34. Ra1 Re5 35. Nd4 b6 36. Nc6 Nd6+ 37. Kd4 Rxb5 38. b4 axb4 39.
cxb4 Rg5 40. Ra2 Kg7 41. Rf2 Nf5+ 42. Ke4 Nh4 43. Nd8 f5+ 44. Ke5 Rg4 45. Ne6+
Kg6 46. b5 Rg3 47. Nf4+ Kf7 48. Rc2 Ng6+ 49. Kxf5 Nxf4 50. Rxc7+ Kg8 51. Kxf4
Rxg2 52. Rb7 Rg6 53. Kf5 Rh6 54. Kg5 Rd6 55. Kg4 1/2-1/2